01171nam a2200205 4500003000800000005001700008008004100025040002600066041000800092100003300100245028800133260003400421300001600455502013900471504005100610530006200661650004000723650012100763830008100884DO-SdUA20250325093535.0 s2020 dr a|| |||| 0 |a||0|spa d aDO-SdUAbspacDO-SdUA0 aspa1 aPérez Díaz, Julio Cesar 10aIncidencia de la práctica docente en el aprendizaje del saque por arriba de frente en voleibol en los estudiantes de 3ro de secundaria en la Escuela Nicolás Ureña de Mendoza del Distrito Educativo 15-05, Distrito Nacional, año escolar 2018-2019 /cJulio Cesar Pérez Díaz. aSanto Domingo :bUASD,c2020. a67, 33 h. : aTesis y trabajo de grado (Maestría en Educación Física y Deporte)--Universidad Autónoma de Santo Domingo, Santo Domingo, 2020. aIncluye referencias bibliográficas y anexos. aTambién disponible en CD-ROM (CD MA-EFD 0072 FCE 2020). 72lembaPrácticas de la enseñanza 0aSaque (Voleibol)xTécnicasxEnseñanza secundariaxMetodologíaxInvestigacionesxCasosvEstrategia y técnicas aTesis y disertaciones académicas (Universidad Autónoma de Santo Domingo)